[Event "Santa Susanna op 15th"]
[Site "Santa Susanna"]
[Date "2021.08.05"]
[Round "8"]
[White "Turon Crosa, Isaac"]
[Black "Falgueras Marti, Carles"]
[Result "1-0"]
[WhiteElo "1849"]
[BlackElo "1774"]
[PlyCount "39"]
[EventDate "2021.08.02"]
[EventType "swiss"]
[EventRounds "9"]
[EventCountry "ESP"]
[SourceTitle "EXT 2022"]
[Source "ChessBase"]
[SourceDate "2021.10.06"]
[SourceVersion "1"]
[SourceVersionDate "2021.10.06"]
[SourceQuality "1"]

1. d4 Nf6 2. Nf3 e6 3. e3 b6 4. Bd3 Bb7 5. Nbd2 d5 6. Ne5 c6 7. 0-0 Be7 8. f4 0-0 9. Rf3 c5 10. Rh3 Ne4 11. Qh5 h6 12. Bxe4 dxe4 13. c3 Nd7 14. Ng4 Nf6 15. Nxh6+ Kh7 16. Qg5 Nh5 17. Qxh5 g6 18. Qe5 f6 19. Nf5+ Kg8 20. Qxe6+ 1-0

[Event "Santa Susanna op 15th"]
[Site "Santa Susanna"]
[Date "2021.08.04"]
[Round "5"]
[White "Falgueras Marti, Carles"]
[Black "Guzman Maglaya, Noli"]
[Result "1-0"]
[WhiteElo "1774"]
[BlackElo "1851"]
[PlyCount "145"]
[EventDate "2021.08.02"]
[EventType "swiss"]
[EventRounds "9"]
[EventCountry "ESP"]
[SourceTitle "EXT 2022"]
[Source "ChessBase"]
[SourceDate "2021.10.06"]
[SourceVersion "1"]
[SourceVersionDate "2021.10.06"]
[SourceQuality "1"]

1. e4 e5 2. Nf3 d6 3. d4 exd4 4. Nxd4 Nf6 5. Nc3 Be7 6. Be2 0-0 7. 0-0 c5 8. Nb3 Nc6 9. f4 a6 10. a4 Be6 11. Be3 Nb4 12. Bf3 Qb6 13. a5 Qc7 14. g4 Rfd8 15. Nd5 Nfxd5 16. exd5 Bd7 17. c3 c4 18. Bb6 Qc8 19. Bxd8 Bxd8 20. cxb4 cxb3 21. Rc1 Qb8 22. Qxb3 Qa7+ 23. Kg2 Qd4 24. Rc4 Qf6 25. Rfc1 h5 26. h3 Qh4 27. Qd1 b6 28. Qe1 Qf6 29. Qd2 bxa5 30. bxa5 Rb8 31. b4 Qh4 32. Qf2 hxg4 33. Bxg4 Qxf2+ 34. Kxf2 f5 35. Bh5 Kf8 36. Bg6 Ke7 37. Re1+ Kf6 38. Be8 Bxe8 39. Rxe8 Bb6+ 40. axb6 Rxe8 41. b7 Rb8 42. Rc7 g5 43. fxg5+ Kxg5 44. Kf3 f4 45. h4+ Kf5 46. h5 Kg5 47. Rf7 Kxh5 48. Kxf4 Kg6 49. Rc7 Kf6 50. Ke4 Kg6 51. Kd4 Kf6 52. Rd7 Kf5 53. Kc4 Ke5 54. Re7+ Kf5 55. Kb3 Kf6 56. Re6+ Kf5 57. Rxd6 Rxb7 58. Rxa6 Rh7 59. Kc4 Rh1 60. Kc5 Rc1+ 61. Kd6 Rb1 62. Rb6 Rb2 63. b5 Rb1 64. Ke7 Rh1 65. Re6 Rb1 66. b6 Rb5 67. Rd6 Ke5 68. Kd7 Rb1 69. Kc7 Rb2 70. Rd7 Rc2+ 71. Kb8 Rb2 72. b7 Rb1 73. Kc8 1-0

[Event "Figueres Nadal op 9th"]
[Site "Figueres"]
[Date "2020.01.04"]
[Round "5"]
[White "Falgueras Marti, Carles"]
[Black "Insa Pujolar, Marti"]
[Result "1/2-1/2"]
[WhiteElo "1776"]
[BlackElo "1633"]
[PlyCount "46"]
[EventDate "2020.01.02"]
[EventType "swiss"]
[EventRounds "8"]
[EventCountry "ESP"]
[SourceTitle "CBM 194 Extra"]
[Source "ChessBase"]
[SourceDate "2020.03.31"]
[SourceVersion "1"]
[SourceVersionDate "2020.03.31"]
[SourceQuality "1"]

1. e4 e6 2. d4 d5 3. Bd3 dxe4 4. Bxe4 Nf6 5. Bf3 c5 6. Ne2 Nc6 7. Be3 cxd4 8. Nxd4 Ne5 9. 0-0 Nxf3+ 10. Qxf3 Nd5 11. c4 Nxe3 12. fxe3 f5 13. Nc3 Bc5 14. Nb3 Bb4 15. Rfd1 Qe7 16. Qh5+ g6 17. Qh6 Bxc3 18. bxc3 Bd7 19. Rd3 Rc8 20. Rad1 Ba4 21. R1d2 Qf8 22. Qg5 Qe7 23. Qh6 Qf8 1/2-1/2

[Event "Miquel Mas op-A 18th"]
[Site "Castell de Sant Ferran"]
[Date "2017.08.11"]
[Round "2"]
[White "Falgueras Marti, Carles"]
[Black "Sole Pijuan, Ferran"]
[Result "0-1"]
[WhiteElo "1910"]
[BlackElo "2216"]
[PlyCount "69"]
[EventDate "2017.08.10"]
[EventType "swiss"]
[EventRounds "9"]
[EventCountry "ESP"]
[SourceTitle "CBM 180 Extra"]
[Source "ChessBase"]
[SourceDate "2017.10.06"]
[SourceVersion "1"]
[SourceVersionDate "2017.10.06"]
[SourceQuality "1"]

1. e4 e5 2. Nf3 Nc6 3. Bb5 a6 4. Ba4 Nf6 5. 0-0 Be7 6. Re1 b5 7. Bb3 d6 8. c3 0-0 9. h3 Nd7 10. d4 Bf6 11. Bd5 Bb7 12. a4 Qb8 13. a5 Ne7 14. Bb3 c5 15. d5 c4 16. Bc2 Qc7 17. Nbd2 g6 18. Nf1 Bg7 19. Be3 f5 20. Ng5 Qc8 21. Ne6 Rf7 22. Ng5 Rf6 23. Ne6 f4 24. Bc1 Bh8 25. g3 Nf8 26. gxf4 Nxe6 27. fxe5 dxe5 28. dxe6 Qxe6 29. Qg4 Qf7 30. Be3 Rf8 31. Re2 Bc8 32. Qg3 Rf3 33. Qg5 Rxh3 34. Bc5 Qf3 35. Qxe7 0-1

[Event "Miquel Mas op 17th"]
[Site "Castell de Sant Ferran"]
[Date "2016.08.11"]
[Round "1"]
[White "Falgueras Marti, Carles"]
[Black "Vidal Zamora, Alex"]
[Result "0-1"]
[WhiteElo "1934"]
[BlackElo "2291"]
[PlyCount "60"]
[EventDate "2016.08.11"]
[EventType "swiss"]
[EventRounds "9"]
[EventCountry "ESP"]
[SourceTitle "CBM 173 Extra"]
[Source "ChessBase"]
[SourceDate "2016.08.29"]
[SourceVersion "1"]
[SourceVersionDate "2016.08.29"]
[SourceQuality "1"]

1. e4 c5 2. Nf3 e6 3. c3 Nf6 4. e5 Nd5 5. c4 Ne7 6. Nc3 Nbc6 7. Nb5 Ng6 8. Nd6+ Bxd6 9. exd6 Qf6 10. d4 Nxd4 11. Nxd4 cxd4 12. Be2 b6 13. Qd3 Bb7 14. 0-0 e5 15. Qa3 0-0 16. Bd2 Rfe8 17. f3 Re6 18. Rac1 Rxd6 19. c5 bxc5 20. Rxc5 Rc6 21. Bb5 Rxc5 22. Qxc5 Qb6 23. Rc1 Qxc5 24. Rxc5 Rc8 25. Bb4 Bc6 26. Ba6 Rc7 27. Ba3 Nf4 28. Bf1 d6 29. Ra5 d3 30. Bxd3 Nxd3 0-1

[Event "Figueres op 15th"]
[Site "Figueres"]
[Date "2014.08.15"]
[Round "5"]
[White "Falgueras Marti, Carles"]
[Black "Pinsach Gelabert, Alexandre"]
[Result "0-1"]
[WhiteElo "1980"]
[BlackElo "2140"]
[PlyCount "78"]
[EventDate "2014.08.11"]
[EventType "swiss"]
[EventRounds "9"]
[EventCountry "ESP"]
[SourceTitle "CBM 162 Extra"]
[Source "ChessBase"]
[SourceDate "2014.10.17"]
[SourceVersion "1"]
[SourceVersionDate "2014.10.17"]
[SourceQuality "1"]

1. e4 e5 2. Nf3 Nc6 3. Bb5 a6 4. Ba4 Nf6 5. 0-0 b5 6. Bb3 Bb7 7. d3 Be7 8. a3 0-0 9. Nc3 d6 10. Ne2 Na5 11. Ba2 c5 12. Ng3 Bc8 13. h3 Nc6 14. Nh2 d5 15. exd5 Nxd5 16. Qf3 Be6 17. c3 Qd7 18. Nf5 Bxf5 19. Bxd5 Rac8 20. Ng4 Bd6 21. Bg5 Be6 22. Bxe6 Qxe6 23. Rae1 f6 24. Bc1 Rfd8 25. Ne3 Bf8 26. Rd1 Rd7 27. Rd2 Rcd8 28. Rfd1 Na5 29. Qf5 Qxf5 30. Nxf5 Nb3 31. Re2 Rxd3 32. Rxd3 Rxd3 33. Re1 c4 34. Ne3 Bc5 35. Nc2 Nxc1 36. Rxc1 Rd2 37. Ne3 Rxb2 38. Rd1 Bxe3 39. fxe3 Ra2 0-1

[Event "Figueres op 12th"]
[Site "Figueres"]
[Date "2011.08.15"]
[Round "6"]
[White "Gimenez Aguirre, Ismael Alejo"]
[Black "Falgueras Marti, Carles"]
[Result "0-1"]
[WhiteElo "1712"]
[BlackElo "2009"]
[PlyCount "48"]
[EventDate "2011.08.11"]
[EventType "swiss"]
[EventRounds "9"]
[EventCountry "ESP"]
[SourceTitle "CBM 143 Extra"]
[Source "ChessBase"]
[SourceDate "2011.08.29"]
[SourceVersion "1"]
[SourceVersionDate "2011.08.29"]
[SourceQuality "1"]

1. e4 c6 2. d4 d5 3. exd5 cxd5 4. Nf3 Bg4 5. c4 Nf6 6. Nc3 Bxf3 7. Qxf3 e6 8. cxd5 Nxd5 9. Nxd5 Qxd5 10. Qxd5 exd5 11. Bb5+ Nc6 12. Be3 Kd7 13. Rc1 Bd6 14. Kd2 f5 15. g3 Rhf8 16. Rhe1 Rae8 17. Ba4 g6 18. Bh6 Rf7 19. a3 Re4 20. Be3 f4 21. gxf4 Bxf4 22. Rg1 Rxd4+ 23. Ke2 Rxa4 24. Rg4 Bxe3 0-1

[Event "Figueres op 12th"]
[Site "Figueres"]
[Date "2011.08.12"]
[Round "2"]
[White "Falgueras Marti, Carles"]
[Black "Adrian, Claude"]
[Result "0-1"]
[WhiteElo "2009"]
[BlackElo "2291"]
[PlyCount "50"]
[EventDate "2011.08.11"]
[EventType "swiss"]
[EventRounds "9"]
[EventCountry "ESP"]
[SourceTitle "CBM 143 Extra"]
[Source "ChessBase"]
[SourceDate "2011.08.29"]
[SourceVersion "1"]
[SourceVersionDate "2011.08.29"]
[SourceQuality "1"]

1. e4 e6 2. d4 d5 3. e5 c5 4. c3 Qb6 5. Nf3 Nc6 6. a3 Nh6 7. b4 cxd4 8. cxd4 Nf5 9. Be3 f6 10. exf6 gxf6 11. Nc3 Nxe3 12. fxe3 Bh6 13. Kf2 0-0 14. Bd3 Ne7 15. Nh4 e5 16. Qh5 Bxe3+ 17. Ke2 e4 18. Bxe4 dxe4 19. Kxe3 Be6 20. Qc5 Rac8 21. Qxe7 Rxc3+ 22. Kxe4 Rc7 23. Qxf8+ Kxf8 24. Rac1 Re7 25. Rc3 Bc4+ 0-1

[Event "Figueres op 11th"]
[Site "Figueres"]
[Date "2010.08.17"]
[Round "8"]
[White "Falgueras Marti, Carles"]
[Black "Pinsach Gelabert, Alexandre"]
[Result "0-1"]
[WhiteElo "2038"]
[BlackElo "1735"]
[PlyCount "82"]
[EventDate "2010.08.11"]
[EventType "swiss"]
[EventRounds "9"]
[EventCountry "ESP"]
[SourceTitle "CBM 137 Extra"]
[Source "ChessBase"]
[SourceDate "2010.09.01"]
[SourceVersion "1"]
[SourceVersionDate "2010.09.01"]
[SourceQuality "1"]

1. e4 c6 2. d4 d5 3. e5 Bf5 4. h4 h6 5. g4 Bd7 6. h5 e6 7. f4 c5 8. c3 Nc6 9. Nf3 Qb6 10. Kf2 Rc8 11. Kg3 cxd4 12. cxd4 g6 13. Nc3 Bb4 14. Na4 Qd8 15. a3 Bf8 16. b4 Nge7 17. Nc5 Qc7 18. Bd2 Rg8 19. Rc1 gxh5 20. Rxh5 Nf5+ 21. Kh3 Bxc5 22. gxf5 Bf8 23. b5 Bxa3 24. Rc2 exf5 25. bxc6 bxc6 26. Rxh6 Bf8 27. Rh7 c5 28. Qa1 c4 29. Ng5 Rxg5 30. fxg5 f4+ 31. Kh4 Bf5 32. Ra2 Bxh7 33. Rxa7 Qc6 34. Bh3 Rd8 35. Ba5 Be7 36. Bxd8 Qh6+ 37. Kg4 Qxg5+ 38. Kf3 Qg3+ 39. Ke2 Bd3+ 40. Kd1 Qg1+ 41. Kd2 Qf2+ 0-1

[Event "Figueres op 11th"]
[Site "Figueres"]
[Date "2010.08.15"]
[Round "6"]
[White "Garcia, Richard"]
[Black "Falgueras Marti, Carles"]
[Result "1/2-1/2"]
[WhiteElo "1761"]
[BlackElo "2038"]
[PlyCount "43"]
[EventDate "2010.08.11"]
[EventType "swiss"]
[EventRounds "9"]
[EventCountry "ESP"]
[SourceTitle "CBM 137 Extra"]
[Source "ChessBase"]
[SourceDate "2010.09.01"]
[SourceVersion "1"]
[SourceVersionDate "2010.09.01"]
[SourceQuality "1"]

1. d4 Nf6 2. c4 e6 3. Nf3 Bb4+ 4. Bd2 Bxd2+ 5. Nbxd2 0-0 6. g3 d5 7. Bg2 Nbd7 8. 0-0 c5 9. e3 cxd4 10. exd4 dxc4 11. Nxc4 Nb6 12. Ne3 Nbd5 13. Nxd5 exd5 14. Rc1 Bg4 15. Qa4 Bxf3 16. Bxf3 Ne4 17. Bxe4 dxe4 18. Rfe1 Qb6 19. Rc3 Qxb2 20. Qc4 b5 21. Qb3 Qxb3 22. Rxb3 1/2-1/2

[Event "Figueres op 11th"]
[Site "Figueres"]
[Date "2010.08.11"]
[Round "1"]
[White "Asensio Graells, Ricard"]
[Black "Falgueras Marti, Carles"]
[Result "0-1"]
[WhiteElo "1489"]
[BlackElo "2038"]
[PlyCount "98"]
[EventDate "2010.08.11"]
[EventType "swiss"]
[EventRounds "9"]
[EventCountry "ESP"]
[SourceTitle "CBM 137 Extra"]
[Source "ChessBase"]
[SourceDate "2010.09.01"]
[SourceVersion "1"]
[SourceVersionDate "2010.09.01"]
[SourceQuality "1"]

1. e4 c6 2. d3 d5 3. Nd2 e5 4. Ngf3 Bd6 5. g3 Nf6 6. Bg2 0-0 7. 0-0 Bg4 8. h3 Bh5 9. Re1 Nbd7 10. g4 Bg6 11. Nh2 h6 12. Ndf1 dxe4 13. dxe4 Bc5 14. Ng3 Qb6 15. Qe2 Rab8 16. h4 Rfd8 17. h5 Bh7 18. c3 Nf8 19. g5 hxg5 20. Bxg5 Ne6 21. Bxf6 gxf6 22. Ng4 Be7 23. Nh6+ Kf8 24. Ngf5 Bxf5 25. Nxf5 Ng7 26. Bh3 Nxf5 27. Bxf5 Bc5 28. b4 Bd6 29. Kh1 Ke7 30. Rg1 Rg8 31. h6 Qb5 32. Qh5 Qd3 33. h7 Rh8 34. Rg7 Rbf8 35. Rag1 c5 36. Qg4 cxb4 37. cxb4 Bxb4 38. Rg3 Qf1+ 39. Rg1 Qxf2 40. Qd1 Qh4+ 41. Kg2 Rd8 42. Rxf7+ Kxf7 43. Qb3+ Ke8 44. Qg8+ Ke7 45. Qg7+ Kd6 46. Rd1+ Kc6 47. Rc1+ Bc5 48. Bd7+ Rxd7 49. Qxh8 Rd2+ 0-1